Statistics for Countries That Can Be Reached from Los Angeles Airport (LAX)

Click here to take the quiz!

General Stats

  • This quiz has been taken 437 times
  • The average score is 35 of 46

Answer Stats

Answer% Correct
Canada
98%
Mexico
98%
Australia
97%
China
97%
United Kingdom
97%
Japan
96%
France
96%
Spain
95%
Russia
95%
Brazil
93%
Germany
93%
New Zealand
92%
Italy
91%
Ireland
88%
Sweden
88%
South Korea
88%
Chile
86%
Netherlands
85%
Norway
85%
United Arab Emirates
85%
Colombia
85%
Panama
83%
Denmark
81%
Turkey
80%
Peru
80%
Iceland
77%
Singapore
76%
United States
76%
Switzerland
76%
Costa Rica
76%
Cuba
76%
Guatemala
75%
Taiwan
73%
El Salvador
73%
Nicaragua
71%
Jamaica
68%
Israel
67%
Philippines
67%
Saudi-Arabia
66%
Belize
65%
Qatar
65%
Fiji
58%
Ethiopia
32%
Hong Kong
30%
Cook Islands
12%
French Polynesia
12%

Score Distribution

Percentile by Number Answered

Percent of People with Each Score

Your Score History

You have not taken this quiz